اختيارات ابن حبيب (ت238هـ) الفقهية فى الأقضية و الحدود : (رقم التسجيلة. 64739)

تفاصيل مارك
000 -LEADER
fixed length control field 02072cam a2200325 a 4500
003 - CONTROL NUMBER IDENTIFIER
control field EG-GiCUC
005 - DATE AND TIME OF LATEST TRANSACTION
control field 20250223031920.0
008 - FIXED-LENGTH DATA ELEMENTS--GENERAL INFORMATION
fixed length control field 180130s2013 ua f m 000 0 ara d
040 ## - CATALOGING SOURCE
Original cataloging agency EG-GiCUC
Language of cataloging ara
Transcribing agency EG-GiCUC
041 0# - LANGUAGE CODE
Language code of text/sound track or separate title ara
049 ## - LOCAL HOLDINGS (OCLC)
Holding library ايداع
097 ## - Thesis Degree
Thesis Level دكتوراه
099 ## - LOCAL FREE-TEXT CALL NUMBER (OCLC)
Classification number Cai01.06.04.Ph.D.2013.مح.ا
100 0# - MAIN ENTRY--PERSONAL NAME
Personal name محمد شعبان الوليد
245 10 - TITLE STATEMENT
Title اختيارات ابن حبيب (ت238هـ) الفقهية فى الأقضية و الحدود :
Remainder of title دراسة مقارنة /
Statement of responsibility, etc. محمد شعبان الوليد ؛ إشراف محمد نبيل غنانم
246 15 - VARYING FORM OF TITLE
Title proper/short title Ibn Habib (238 of the Hegira) selections of fiqh in judgments and prescribed penalties :
Remainder of title A comparative study
260 ## - PUBLICATION, DISTRIBUTION, ETC.
Place of publication, distribution, etc. القاهرة :
Name of publisher, distributor, etc. محمد شعبان الوليد :
Date of publication, distribution, etc. 2013
300 ## - PHYSICAL DESCRIPTION
Extent 472 ورقة ؛
Dimensions 30سم
502 ## - DISSERTATION NOTE
Dissertation note اطروحة (دكتوراه) - جامعة القاهرة - كلية دار العلوم - قسم الشريعة الإسلامية
520 ## - SUMMARY, ETC.
Summary, etc. إن عبد الملك بن حبيب هو فقيه من فقهاء المسلمين المجتهدين كان له دور بارز فى اثراء الفقه الاسلامى عامة و الفقه المالكى خاصة. إن ابن حبيب اتبع فى مؤلفاته غالبا استعمال الادلة الشرعية و على اصل المذهب المالكى و إن لم يجد عليها دليل فإنه يجتهد برأيه و يفتى و يقضى. أن ابن حبيب لم يكن فقيها مالكيا مقلدا بل كان عالما مجتهدا. تميز ابن حبيب بفتاواه و اقضيته التى كانت مرجعا يرجع اليه من بعده من العلماء و طلبة العلم
530 ## - ADDITIONAL PHYSICAL FORM AVAILABLE NOTE
Additional physical form available note صدر ايضا كقرص مدمج
653 #4 - INDEX TERM--UNCONTROLLED
Uncontrolled term ابن حبيب
653 #4 - INDEX TERM--UNCONTROLLED
Uncontrolled term سنة نبيه
653 #4 - INDEX TERM--UNCONTROLLED
Uncontrolled term كتاب الله
700 0# - ADDED ENTRY--PERSONAL NAME
Personal name محمد نبيل غنانم :
Relator term
856 ## - ELECTRONIC LOCATION AND ACCESS
Uniform Resource Identifier <a href="http://172.23.153.220/th.pdf">http://172.23.153.220/th.pdf</a>
905 ## - LOCAL DATA ELEMENT E, LDE (RLIN)
Cataloger Nazla
Reviser Revisor
905 ## - LOCAL DATA ELEMENT E, LDE (RLIN)
Cataloger Samia
Reviser Cataloger
942 ## - ADDED ENTRY ELEMENTS (KOHA)
Source of classification or shelving scheme Dewey Decimal Classification
Koha item type Thesis
المقتنيات
Source of classification or shelving scheme Not for loan Home library Current library Date acquired Full call number Barcode Date last seen Koha item type Copy number
Dewey Decimal Classification   المكتبة المركزبة الجديدة - جامعة القاهرة قاعة الرسائل الجامعية - الدور الاول 11.02.2024 Cai01.06.04.Ph.D.2013.مح.ا 01010100024136000 22.09.2023 Thesis  
Dewey Decimal Classification   المكتبة المركزبة الجديدة - جامعة القاهرة مخـــزن الرســائل الجـــامعية - البدروم 11.02.2024 Cai01.06.04.Ph.D.2013.مح.ا 01020100024136000 22.09.2023 CD - Rom 24136.CD
Cairo University Libraries Portal Implemented & Customized by: Eng. M. Mohamady Contacts: new-lib@cl.cu.edu.eg | cnul@cl.cu.edu.eg
CUCL logo CNUL logo
© All rights reserved — Cairo University Libraries
CUCL logo
Implemented & Customized by: Eng. M. Mohamady Contact: new-lib@cl.cu.edu.eg © All rights reserved — New Central Library
CNUL logo
Implemented & Customized by: Eng. M. Mohamady Contact: cnul@cl.cu.edu.eg © All rights reserved — Cairo National University Library